000 00573nam a2200169 i 4500
001 120863
003 ES-MaACL
005 20250912063049.0
007 t|
008 070214s1948 sp r ||||1| spa d
100 1 _aPrat de la Riba, Enric,
_d1870-1917
_993674
245 1 3 _aLa estrategia del capital
_b: introducción a la técnica moderna de la inversión y administración de capitales /
_cEnrique Prat de la Riba.
260 _aBarcelona :
_bBosch,
_c1948.
300 _a177 p. ;
_c22 cm.
852 _aES-MaACL
_jC-5370
_bR.25571
999 _c120863
_d120863